|
|
|
|
| LEADER |
00609nam a22002052a 4500 |
| 001 |
000403561 |
| 003 |
CZ BrMZK |
| 005 |
20210406151816.0 |
| 007 |
ta |
| 008 |
990305s1872 fr f fre d |
| 040 |
|
|
|a BOA001
|b cze
|
| 100 |
1 |
|
|a Chateaubriand, François-René de,
|d 1768-1848
|7 ola2002112613
|4 aut
|
| 245 |
1 |
0 |
|a Atala /
|c François-René de Chateaubriand
|
| 260 |
|
|
|a Paris :
|b Garnier Frères,
|c 1872
|
| 300 |
|
|
|a 512 s.
|
| 910 |
|
|
|a BOA001
|b 1-0203.486
|
| 990 |
|
|
|a BK
|
| 993 |
|
|
|a Y
|
| 991 |
|
|
|b 202104
|
| 996 |
6 |
|
|b 2619772228
|c 1-0203.486
|l MZK
|r Sklad / do 1 hodiny
|n 12
|w 000403561
|u 000010
|a 1
|e BOA001
|j MZK50
|s P
|